Trò chơi ngoài trời

Gespeichert in:
Bibliographische Detailangaben
Format: Buch
Sprache:Undetermined
Veröffentlicht: Tp. HCM Trẻ 2002
Schlagworte:
Tags: Tag hinzufügen
Keine Tags, Fügen Sie den ersten Tag hinzu!
Thư viện lưu trữ: Trung tâm Học liệu Trường Đại học Cần Thơ
LEADER 00448nam a2200169Ia 4500
001 CTU_54465
008 210402s9999 xx 000 0 und d
020 |b 16000 
082 |a 371.3 
082 |b Tr400 
245 0 |a Trò chơi ngoài trời 
260 |a Tp. HCM 
260 |b Trẻ 
260 |c 2002 
650 |a teaching methods,communism and youth,youth 
650 |x education 
980 |a Trung tâm Học liệu Trường Đại học Cần Thơ